Um mestre no ofício: Tomás de Aquino
Guardat en:
| Autor principal: | |
|---|---|
| Format: | Llibre |
| Idioma: | portuguès |
| Publicat: |
Sao Paulo
Paulus
2011
|
| Edició: | 1a. ed |
| Col·lecció: | Como Ler Filosofia
|
| Matèries: | |
| Etiquetes: |
Afegir etiqueta
Sense etiquetes, Sigues el primer a etiquetar aquest registre!
|
MARC
| LEADER | 00000cam a2200000 a 4500 | ||
|---|---|---|---|
| 001 | UCF2874 | ||
| 003 | CL-VaPUC | ||
| 008 | 120910e20110000BL |||||||||||||||||por|d | ||
| 020 | |a 9788534932134 | ||
| 082 | 0 | 4 | |a 270.092 |b NAS |2 21 |
| 100 | |a Nascimento, Carlos Arthur Ribeiro do |e autor |9 564711 | ||
| 245 | 1 | 3 | |a Um mestre no ofício: Tomás de Aquino |
| 250 | |a 1a. ed | ||
| 300 | |a 116 p | ||
| 942 | |c BK | ||
| 945 | |d 20120910 00:00:00 |a dcastane | ||
| 260 | |a Sao Paulo |b Paulus |c 2011 | ||
| 600 | 0 | |a Tomás de Aquino |d 1220-1274 |c Santo |9 255832 | |
| 650 | 7 | |a SANTOS CRISTIANOS BIOGRAFIAS |2 CL-VaPUC |9 317496 | |
| 650 | 0 | |a Biografías |9 255210 | |
| 650 | 0 | |a Vida y obra |9 311871 | |
| 583 | |a last modification |c 20120910 11:39:00 |k Rodrigo Vera | ||
| 490 | 0 | |a Como Ler Filosofia | |
| 999 | |c 349412 |d 349410 | ||
| 952 | |0 0 |1 0 |4 0 |6 270_092000000000000_NAS_2011 |7 0 |8 A |9 452023 |a BIBEDU |b BIBEDU |d 2019-11-22 |i 4902696 |o 270.092 NAS 2011 |p 4902696 |r 2019-11-22 |w 2019-11-22 |y BK |k FIL | ||